[Event "Challenge"]
[Site "http://www.queenalice.com/game.php?id=247121"]
[Date "2007.7.28"]
[Round "-"]
[White "Pampuche"]
[Black "z3r0vulc4n"]
[Result "0-1"]
[WhiteElo "1392"]
[BlackElo "1506"]

1. e4 e5 2. Bc4 Qh4 3. Qf3 Nf6 4. d3 Bb4+ 5. Bd2 Bxd2+ 6. Nxd2 Nc6 7. g3 Qg4 8.
Qe3 Nb4 9. Rc1 O-O 10. a3 Nc6 11. h3 Qh5 12. b4 b6 13. b5 Nd4 14. g4 Nxg4 15. f3
Nxe3 16. c3 Ndc2+ 17. Rxc2 Nxc2+ 18. Kd1 Nxa3 19. Bd5 Nxb5 20. Bxa8 Nxc3+ 21.
Kc2 Nb5 22. Ne2 Nd4+ 23. Nxd4 exd4 24. Nb3 Qxf3 25. Ra1 Qxh3 26. Rxa7 c5 27. e5
Re8 28. Rc7 Qh2+ 29. Kb1 Qxe5 30. Ra7 Qe1+ 31. Nc1 Qb4+ 32. Ka2 Re1 33. Nb3 Re3
34. Ra3 Rxd3 35. Bd5 c4 36. Bxc4 Qxc4 37. Kb2 Qc3+ 38. Ka2 Qc2+ 39. Ka1 Rd1+ 40.
Nc1 Rxc1# 0-1

[Event "Kraj´s Challenge"]
[Site "http://www.queenalice.com/game.php?id=631886"]
[Date "2009.8.7"]
[Round "-"]
[White "Pampuche"]
[Black "Krajnicov"]
[Result "0-1"]
[WhiteElo "1346"]
[BlackElo "1492"]

1. d4 d5 2. c3 Nf6 3. Qb3 Na6 4. Nf3 Bf5 5. g3 h6 6. Bg2 g5 7. Qxb7 Qc8 8. Qc6+
Bd7 9. Bh3 g4 10. Bxg4 Nxg4 11. Qxd5 c6 12. Qe4 Nc7 13. h3 Nf6 14. Qd3 Bxh3 15.
Ng1 Bf5 16. e4 Bxe4 17. Qe3 Qe6 18. Rh4 h5 19. f3 Bh6 20. f4 Ncd5 21. Qe2 Rg8
0-1

[Event "AUTO-OPEN-1655"]
[Site "http://www.queenalice.com/game.php?id=634979"]
[Date "2009.8.12"]
[Round "1"]
[White "HuGeRoOsTeR"]
[Black "Pampuche"]
[Result "1-0"]
[WhiteElo "1499"]
[BlackElo "1375"]

1. e4 e5 2. Nc3 Qf6 3. Nd5 Qh4 4. Nxc7+ Kd8 5. Nxa8 Bc5 6. g3 Qf6 7. Nf3 b6 8.
h4 Bb7 9. d4 exd4 10. Bg5 Bb4+ 11. Nd2 Bxd2+ 12. Qxd2 Bxa8 13. Bxf6+ gxf6 14.
O-O-O Bxe4 15. Rg1 Nc6 16. Bb5 Nge7 17. Rge1 Bd5 18. c4 Be6 19. Qh6 Ng8 20. Qg7
Nge7 21. Qxh8+ Kc7 22. Qxh7 Ne5 23. h5 Bf5 24. Qh8 Bg4 25. Rxd4 Bf5 26. Qxf6 d6
27. Rxd6 Nd7 28. Qxe7 Kb7 29. h6 a6 30. Bc6+ Ka7 31. Qxf7 a5 32. h7 Ka6 33. h8=Q
1-0

[Event "AUTO-OPEN-1655"]
[Site "http://www.queenalice.com/game.php?id=634980"]
[Date "2009.8.12"]
[Round "1"]
[White "Pampuche"]
[Black "HuGeRoOsTeR"]
[Result "0-1"]
[WhiteElo "1364"]
[BlackElo "1510"]

1. d4 d5 2. e3 c6 3. Nh3 Nf6 4. Qf3 Bg4 5. Qf4 Qa5+ 6. Nd2 Na6 7. c3 e6 8. b4
Nxb4 9. f3 Nc2+ 10. Ke2 Nxa1 11. fxg4 Qxa2 12. g5 Nh5 13. Qe5 f6 14. gxf6 Nxf6
15. Qxe6+ Be7 16. Ng5 h6 17. Qf7+ Kd7 18. g3 hxg5 19. Kf3 Rh7 20. Bh3+ Rxh3 21.
Qxg7 g4+ 22. Kf4 Rg8 23. Qf7 Rh7 24. Qxg8 Nxg8 25. Kxg4 Nh6+ 26. Kh5 Qc2 27. Nf3
Qg2 28. Ne5+ Ke6 29. Re1 Qxh2+ 30. Kg6 Qc2+ 31. Kh5 Qxc3 32. Bd2 Qxd2 33. Rxa1
Qh2+ 34. Kg6 Qc2+ 35. Kh5 Qf5# 0-1

[Event "AUTO-OPEN-1655"]
[Site "http://www.queenalice.com/game.php?id=634999"]
[Date "2009.8.12"]
[Round "1"]
[White "Pampuche"]
[Black "Padre_Amaro"]
[Result "0-1"]
[WhiteElo "1328"]
[BlackElo "1749"]

1. d4 d5 2. e3 Nf6 3. Nh3 Nc6 4. Qf3 Bg4 5. Qf4 Nb4 6. Bb5+ c6 7. Be2 Bxh3 8.
gxh3 Nxc2+ 9. Kf1 Nxa1 10. Rg1 Nc2 11. a3 Qd7 12. Bd3 Qxh3+ 13. Ke2 Nh5 14. Qe5
f6 15. Qc7 Nxd4+ 16. exd4 Rc8 17. Qxb7 e5 18. Nc3 Bd6 19. Rh1 O-O 20. a4 Rfe8
21. dxe5 Bxe5 22. Be3 d4 23. Qb3+ Kh8 24. Ne4 dxe3 25. fxe3 Rb8 26. Qf7 f5 27.
Ng5 Qg2+ 28. Kd1 Qxh1+ 29. Kc2 Qg2+ 30. Kd1 Qxg5 31. Qxa7 Rxb2 32. Bc2 Qg1+ 33.
Ke2 Rxc2+ 34. Kd3 Qd1# 0-1

[Event "AUTO-OPEN-1655"]
[Site "http://www.queenalice.com/game.php?id=635000"]
[Date "2009.8.12"]
[Round "1"]
[White "Padre_Amaro"]
[Black "Pampuche"]
[Result "1-0"]
[WhiteElo "1751"]
[BlackElo "1326"]

1. e4 e5 2. Nf3 Bc5 3. d4 exd4 4. Nxd4 Qf6 5. Nf3 Nh6 6. Bg5 Qxb2 7. Nbd2 Ng4 8.
Be3 Qb6 9. Nc4 Qb4+ 10. Ncd2 Nxe3 11. fxe3 Qc3 12. Rb1 Qxe3+ 13. Qe2 Qa3 14. Nb3
Bb6 15. c4 Nc6 16. g3 Nd4 17. Nfxd4 c5 18. Nf3 a5 19. Bh3 a4 20. Nc1 Ba5+ 21.
Kf1 d5 22. Bxc8 Rxc8 23. exd5+ Kd8 24. Ne5 Re8 25. Nxf7+ Kc7 26. d6+ Kd7 27.
Qg4+ Re6 28. Rxb7+ Rc7 29. dxc7 Bxc7 30. Kg2 Qe3 31. Rd1+ Kc6 32. Ra7 Re4 33.
Nd8+ Kb6 34. Rb7+ Ka5 35. Rb5+ Ka6 36. Qc8+ Ka7 37. Qb7# 1-0

[Event "Challenge"]
[Site "http://www.queenalice.com/game.php?id=645488"]
[Date "2009.9.1"]
[Round "-"]
[White "Pampuche"]
[Black "Krajnicov"]
[Result "0-1"]
[WhiteElo "1354"]
[BlackElo "1531"]

1. e3 e5 2. Qf3 d5 3. Nh3 Nf6 4. d4 e4 5. Qf4 Bd6 6. Qg5 O-O 7. Nf4 Nc6 8. Nh5
Nxh5 9. Qxh5 Qf6 10. g4 Qf3 11. Rg1 Nb4 12. Kd2 Bxg4 13. Rxg4 Qh1 14. Qg5 g6 15.
Ke2 Nxc2 16. Rh4 Bb4 17. Qh6 Qf3# 0-1

[Event "Challenge"]
[Site "http://www.queenalice.com/game.php?id=648192"]
[Date "2009.9.6"]
[Round "-"]
[White "trupe_95"]
[Black "Pampuche"]
[Result "1-0"]
[WhiteElo "1319"]
[BlackElo "1345"]

1. e4 e5 2. Nf3 Qf6 3. d4 c5 4. dxe5 Qe6 5. b3 Nc6 6. Bc4 Qg4 7. O-O Qxe4 8. Ng5
Qxe5 9. Nxf7 Qf5 10. Nxh8 b6 11. Bxg8 c4 12. Re1+ Be7 13. Ba3 Kf8 14. Bxe7+ Nxe7
15. Qd6 Bb7 16. Qxe7+ Kxg8 17. bxc4 1-0

[Event "AUTO-INT-1468"]
[Site "http://www.queenalice.com/game.php?id=661525"]
[Date "2009.10.2"]
[Round "1"]
[White "merlin"]
[Black "Pampuche"]
[Result "1-0"]
[WhiteElo "1649"]
[BlackElo "1324"]

1. e4 d6 2. Nf3 e5 3. Bc4 Nh6 4. d4 Qf6 5. Be3 g5 6. dxe5 dxe5 7. Bxg5 Qc6 8.
Nxe5 Qc5 9. Bxh6 Qxe5 10. Qf3 f6 11. Bc1 Bd7 12. Nc3 Nc6 13. Bf4 Qd4 14. Qh5+
Ke7 15. Nd5+ 1-0

[Event "AUTO-INT-1468"]
[Site "http://www.queenalice.com/game.php?id=661526"]
[Date "2009.10.2"]
[Round "1"]
[White "Pampuche"]
[Black "merlin"]
[Result "0-1"]
[WhiteElo "1321"]
[BlackElo "1652"]

1. d4 d6 2. e3 g6 3. b3 Bg7 4. g4 c5 5. Qf3 Nf6 6. g5 Nfd7 7. Bc4 O-O 8. h4 h5
9. Bd3 cxd4 10. exd4 Bxd4 11. c3 Qa5 12. Bd2 Ne5 13. Qe4 Nxd3+ 14. Kf1 Nxf2 0-1

[Event "AUTO-INT-1468"]
[Site "http://www.queenalice.com/game.php?id=661539"]
[Date "2009.10.2"]
[Round "1"]
[White "Pampuche"]
[Black "Drifter"]
[Result "0-1"]
[WhiteElo "1308"]
[BlackElo "1599"]

1. d4 Nf6 2. f3 d5 3. g4 Nc6 4. Nh3 e6 5. c3 h6 6. b4 Bd6 7. Bg2 O-O 8. g5 hxg5
9. Nxg5 a5 10. b5 Na7 11. e4 Nxb5 12. f4 Nxe4 13. Nxe4 dxe4 14. Bxe4 Qh4+ 15.
Kd2 Qxf4+ 0-1

[Event "AUTO-INT-1468"]
[Site "http://www.queenalice.com/game.php?id=661540"]
[Date "2009.10.2"]
[Round "1"]
[White "Drifter"]
[Black "Pampuche"]
[Result "1-0"]
[WhiteElo "1603"]
[BlackElo "1304"]

1. e4 d6 2. d4 c6 3. Nc3 b5 4. d5 b4 5. Nce2 c5 6. c3 a5 7. c4 e5 8. dxe6 fxe6
9. Nf3 h6 10. Nf4 e5 11. Ng6 Rh7 12. Qd5 Ne7 13. Qxa8 Nd7 14. b3 Nxg6 15. Qd5
Rh8 16. Qe6+ 1-0